| 000 | 00000cas 2200000zi 4500 |
| 001 | 9.913764 |
| 003 | CaOODSP |
| 005 | 20251210083857 |
| 006 | m o d f |
| 007 | cr ||||||||||| |
| 008 | 220725c20229999oncar p o f0###a0eng|d |
| 022 | |a2290-6193 |
| 040 | |aCaOODSP|beng|erda|cCaOODSP |
| 086 | 1 |aAB20E-PDF |
| 110 | 2 |aCanada Agricultural Review Tribunal.|eauthor, |eissuing body. |
| 245 | 10|aAnnual report. |
| 264 | 1|a[Ottawa] : |bCanada Agricultural Review Tribunal = Commission de reĢvision agricole du Canada |
| 310 | |aAnnual |
| 336 | |atext|btxt|2rdacontent |
| 337 | |acomputer|bc|2rdamedia |
| 338 | |aonline resource|bcr|2rdacarrier |
| 362 | 1 |aBegan with 2021-2022. |
| 500 | |aIssued also in French under title: Rapport annuel. |
| 588 | |aDescription based on: 2021-2022. |
| 588 | |aLatest issue consulted: 2021-2022. |
| 610 | 20|aCanada Agricultural Review Tribunal|vPeriodicals. |
| 650 | 0|aAgricultural laws and legislation|zCanada|vPeriodicals. |
| 655 | 7|aPeriodicals|2lcgft |
| 775 | 08|tRapport annuel.|w(CaOODSP)9.913766 |
| 780 | 00|tRapport annuel.|w(CaOODSP)9.906185 |